000 00727nam a2200277Ia 4500
001 14384
005 20240113235533.0
007 ta
008 051122s1898 a g b000 u 465 u
020 _a81-7019-392-3
040 _aCotton College Assam
041 _a465
082 _a582.55
_bSe 85 Fo
100 _aSeward, A.C. .
245 0 _aFossil Plants: Vol ll /
_cA.C. Seward.
_hTextual Documents
250 _a1st ed. /
260 _aNew Delhi :
_bToday & Tomorrow`s Printers & Publishers ,
_c1898.
300 _axxi,624p. :
_bill ;
_c24cm .
504 _aIndex
653 _aBotany
653 _aFossil Plants
653 _aG-Botany
942 _2ddc
_cBK
999 _c14370
_d14370